Merry Christmas, Please Don’t Call - Bleachers - All Lyrics - Statistics

General Stats
  • This quiz has been taken 137 times
  • The average score is 277 of 326
Answer Stats
Answer % Correct
a
100%
I
100%
the
100%
don’t
99%
Don’t
99%
ya
99%
You
99%
you
99%
your
99%
Christmas,
98%
is
98%
me
98%
Merry
98%
Oh,
98%
call
96%
please
96%
Please
96%
that
96%
To
96%
to
96%
And
95%
and
95%
on
95%
we
95%
know
94%
of
93%
what
93%
like
92%
own
92%
were
92%
you’re
92%
Why
90%
but
89%
But
89%
home
89%
boy,
88%
happened
88%
out
88%
part
88%
Who
88%
both
87%
died
87%
’em
87%
golden
87%
them
87%
through
87%
every
86%
halls
86%
slow
86%
act
84%
haunted
84%
Running
84%
should
84%
tell
84%
time
84%
forever
82%
kind
82%
toughest
82%
not
81%
So
81%
would
81%
burn
80%
rather
80%
told
80%
all
78%
at
78%
awful
77%
I’m
77%
light
77%
mine,
76%
street
73%
it
72%
this
72%
just
71%
flicker
70%
hold
70%
even
69%
it’s
69%
He
65%
anger
64%
father
64%
moment,
64%
now
63%
tempo
63%
left
61%
best
57%
uptight
55%
gone
54%
yours
54%
shined
53%
line,
52%
‘cause
51%
flickers
51%
kid
51%
was
51%
magic,
49%
baggage
48%
everybody’s
48%
Holding
48%
strangely
48%
calm
47%
really
47%
One
45%
one
45%
welcome
45%
sold
43%
want
42%
While
42%
says
41%
off
40%
carousel
39%
ticket
39%
damage
35%
gaze
34%
heavy
34%
hurt
11%
No matching quizzes found
Score Distribution
Percent of People with Each Score
Percentile by Number Answered
Your Score History
You have not taken this quiz